| 000 | 00608nam a2200205 u 4500 | ||
|---|---|---|---|
| 005 | 20240228064248.0 | ||
| 008 | 160609s2011 r 000 0 eng d | ||
| 020 | _a9781445441160 | ||
| 035 | _aUPN01000211318 | ||
| 049 | _aI | ||
| 050 | 4 |
_aPZ7 _bG3.527 |
|
| 100 | 1 |
_aGale, Emily _939550 |
|
| 245 | 1 | 0 |
_aMaría del Mar y el número de la suerte / _cEmily Gale ; il. Mike Byrne. |
| 260 |
_aNew York : _bParragon, _c2011. |
||
| 300 |
_a[26] p. : _bil. col. |
||
| 650 | 4 |
_aLibros y lectura para niños _92290 |
|
| 650 | 7 |
_aLibros ilustrados para niños _2 _921365 |
|
| 905 | _aInfantil | ||
| 999 |
_c183419 _d183419 |
||